| 000 | 01039nam a2200241Ia 4500 | ||
|---|---|---|---|
| 008 | 130821s2008 xxuab gr eng | ||
| 020 | _a9780822343271 | ||
| 040 |
_aCo-BoUCM _bspa |
||
| 041 | 0 | 0 | _aeng |
| 100 | 1 |
_aEscobar, Arturo _968348 |
|
| 245 | 1 | 0 |
_aTerritories of Difference place, movements, life, redes _cArturo Escobar |
| 260 |
_aDurham (Carolina del Norte, Estados Unidos) _bDuke University Press _c2008 |
||
| 300 |
_axvi, 435 páginas _bmapas, cuadros |
||
| 490 | 0 | _aNew ecologies for the twenty first century | |
| 504 | _aIncluye referencias bibliográficas e índice. | ||
| 650 | 0 | 4 |
_aMovimientos sociales _zCosta Pacífica (Colombia) _9102345 |
| 650 | 0 | 4 |
_aNegros _xPolítica y gobierno _zCosta Pacífica (Colombia) _920180 |
| 650 | 0 | 4 |
_aRegionalismo _zCosta Pacífica (Colombia) _923335 |
| 651 | 4 |
_aCosta Pacífica (Colombia) _xCondiciones sociales _998038 |
|
| 651 | 4 |
_aCosta Pacífica (Colombia) _xPolítica y gobierno _9168134 |
|
| 942 |
_cLIBRO _a5 _e1 _mE746t _2DEWEY _h303.484 |
||
| 999 |
_c72005 _d72005 |
||